000 01241nam a2200313Ia 4500
001 ebr10504504
003 CaPaEBR
006 m u
007 cr cn|||||||||
008 110713s2011 enka sb 001 0 eng d
010 _z 2011282678
020 _z1848857128
020 _z9780857720009
020 _z9781848857124
040 _aCaPaEBR
_cCaPaEBR
035 _a(OCoLC)759007007
050 1 4 _aQK71
_b.J64 2011eb
100 1 _aJohnson, Nuala Christina,
_d1962-
245 1 0 _aNature displaced, nature displayed
_h[electronic resource] :
_border and beauty in botanical gardens /
_cNuala C. Johnson.
260 _aLondon ;
_aNew York :
_bI.B. Tauris,
_c2011.
300 _axv, 267 p. :
_bill.
504 _aIncludes bibliographical references and index.
533 _aElectronic reproduction.
_bPalo Alto, Calif. :
_cebrary,
_d2011.
_nAvailable via World Wide Web.
_nAccess may be limited to ebrary affiliated libraries.
650 0 _aBotanical gardens
_xDesign.
650 0 _aBotanical gardens
_xDesign
_vCase studies.
655 7 _aElectronic books.
_2local
710 2 _aebrary, Inc.
856 4 0 _uhttp://site.ebrary.com/lib/rucke/Doc?id=10504504
_zAn electronic book accessible through the World Wide Web; click to view
999 _c114387
_d114387